000 00589nam a22001937a 4500
005 20140205143528.0
010 _aENG-109228
020 _c395.00
_a9788129000453
020 _c395.00
_a8129000458
035 _aEN-92761
037 _bDBAD/PUB
082 _a658.8342
100 _aThakral,Shefali Verma
245 _aConsumer behaviour /
_cby Shefali Verma Thakral
260 _aChandigarh
_bNew Era Book Agency
_c2010(repr.)
270 _aSCO 49-51, Sector -17 C, Post Box -52
_bChandigarh
_e160017
300 _a285p.
_c24cm(pbk)
942 _2ddc
_cEN
_mTHA
_h658.8342
999 _c82306
_d82306